<?xml version="1.0" encoding="UTF-8"?>
<record
    xmlns:xsi="http://www.w3.org/2001/XMLSchema-instance"
    xsi:schemaLocation="http://www.loc.gov/MARC21/slim http://www.loc.gov/standards/marcxml/schema/MARC21slim.xsd"
    xmlns="http://www.loc.gov/MARC21/slim">

  <leader>00563cam a22001571  4500</leader>
  <datafield tag="040" ind1=" " ind2=" ">
    <subfield code="c">OAU</subfield>
  </datafield>
  <datafield tag="082" ind1=" " ind2=" ">
    <subfield code="a">582 ZIM 1964 C285 Or.</subfield>
  </datafield>
  <datafield tag="100" ind1="1" ind2=" ">
    <subfield code="a">Zimmermann, Martin Huldrych,</subfield>
  </datafield>
  <datafield tag="245" ind1="1" ind2="4">
    <subfield code="a">The formation of wood in forest trees;</subfield>
    <subfield code="b">the second symposium held under the auspices of the Maria Moors Cabot Foundation for Botanical Research, Harvard Forest, April, 1963.</subfield>
  </datafield>
  <datafield tag="260" ind1=" " ind2=" ">
    <subfield code="a">New York,</subfield>
    <subfield code="b">Academic Press,</subfield>
    <subfield code="c">1964.</subfield>
  </datafield>
  <datafield tag="300" ind1=" " ind2=" ">
    <subfield code="a">xv, 562 p.</subfield>
    <subfield code="b">illus., diagrs., tables.</subfield>
    <subfield code="c">24 cm.</subfield>
  </datafield>
  <datafield tag="650" ind1=" " ind2="0">
    <subfield code="a">Cambium</subfield>
  </datafield>
  <datafield tag="650" ind1=" " ind2="0">
    <subfield code="a">Trees</subfield>
  </datafield>
  <datafield tag="710" ind1="2" ind2=" ">
    <subfield code="a">Harvard University.</subfield>
  </datafield>
  <datafield tag="942" ind1=" " ind2=" ">
    <subfield code="c">AEDBB</subfield>
  </datafield>
  <datafield tag="999" ind1=" " ind2=" ">
    <subfield code="c">22446</subfield>
    <subfield code="d">22446</subfield>
  </datafield>
  <datafield tag="952" ind1=" " ind2=" ">
    <subfield code="0">0</subfield>
    <subfield code="1">0</subfield>
    <subfield code="4">0</subfield>
    <subfield code="6">582_000000000000000_ZIM_1964_C285_OR</subfield>
    <subfield code="7">0</subfield>
    <subfield code="9">96818</subfield>
    <subfield code="a">LBC</subfield>
    <subfield code="b">LBC</subfield>
    <subfield code="c">C285</subfield>
    <subfield code="d">2023-12-29</subfield>
    <subfield code="o">582 ZIM 1964 C285 Or.</subfield>
    <subfield code="p">a18336</subfield>
    <subfield code="r">2023-12-29</subfield>
    <subfield code="w">2023-12-29</subfield>
    <subfield code="y">AEDBB</subfield>
  </datafield>
</record>
